书目信息 |
| 题名: |
水声学
|
|
| 作者: | 汪德昭 , 尚尔昌 著 | |
| 分册: | ||
| 出版信息: | 北京 科学出版社 1981.4 |
|
| 页数: | 737页 | |
| 开本: | 20cm | |
| 丛书名: | 现代物理学丛书 | |
| 单 册: | ||
| 中图分类: | O427 | |
| 科图分类: | ||
| 主题词: | 声学 | |
| 电子资源: | ||
| ISBN: | ||
| 000 | 00586nam0 2200217 45 | |
| 001 | 0312221749 | |
| 005 | 20031222171119.2 | |
| 010 | @dCNY4.30 | |
| 100 | @a20031222d1981 km y0chiy0120 ea | |
| 101 | @achi | |
| 105 | @a z 000yy | |
| 200 | 1 | @a水声学@AShui Sheng Xue@f汪德昭,尚尔昌著@FWang De Zhao,Shang Er Chang Zhu |
| 210 | @a北京@c科学出版社@d1981.4 | |
| 215 | @a737页@d20cm | |
| 225 | 2 | @a现代物理学丛书 |
| 606 | 0 | @a声学 |
| 690 | @aO427@v3 | |
| 701 | 0 | @a汪德昭@4著 |
| 701 | 0 | @a尚尔昌@4著 |
| 801 | @aCN@bTSTCL@c20031222 | |
| 905 | @a213230@dO427@e1@b48353@f1@b230820-821@f2 | |
| 水声学/汪德昭,尚尔昌著.-北京:科学出版社,1981.4 |
| 737页;20cm.-(现代物理学丛书) |
| ISBN :CNY4.30 |
| ● |
| 相关链接 |
|
|
|
|
正题名:水声学
索取号:O427/1
 
预约/预借
| 序号 | 登录号 | 条形码 | 馆藏地/架位号 | 状态 | 备注 |
| 1 | 0048353 | 001462214 | 第二样本阅览室/ [索取号:O427/1] | 在馆 | |
| 2 | 0230820 | 001788989 | 密集书库/ [索取号:O427/1] | 在馆 | |
| 3 | 0230821 | 001789023 | 密集书库/ [索取号:O427/1] | 在馆 |